000 00907nam a2200253Ia 4500
003 OSt
005 20220923225435.0
006 a|||||r|||| 00| 0
007 ta
008 220922b |||||||| |||| 00| 0 hin d
024 _a268,332
037 _cTextual
040 _aARTS
_cARTS
_bhin
041 _2hin
_ahin
082 _aQ2:332G, 152P3
100 _aमिश्र, केशवप्रसाद
_9156365
245 0 _aगोतम ऋषियों का वैदिक वाड ्मय में योगदान
246 _aGotam ṛuṣhiyoan kā vaidik vāḍa.maya mean yogadāna
260 _aदिल्ली
_b नाग पब्लिशर्स
_c2003
300 _a166पृ.
_ccm.
650 _aधर्मशास्त्र
942 _hQ2:332G, 152P3
_cTEXL
_2CC
999 _c378335
_d378335